2021 Eurovision Songs by Spotify Streams - Statistics

General Stats
  • This quiz has been taken 344 times
  • The average score is 6 of 10
Answer Stats
Streams Song Place % Correct
522.5 m Zitti e Buoni 1
96%
163.3 m Voilà 2
82%
110.1 m Shum (Шум) 5
74%
42.9 m Tout l'univers 3
61%
44.5 m 10 Years 4
55%
78.3 m Dark Side 6
55%
33.3 m Mata Hari 20
43%
49.5 m El Diablo 16
39%
46.3 m Voices 14
37%
31.8 m Fallen Angel 18
35%
No matching quizzes found
Score Distribution
Percent of People with Each Score
Percentile by Number Answered
Your Score History
You have not taken this quiz